| 000 | 00934cam a22003017a 4500 | ||
|---|---|---|---|
| 003 | CHAP | ||
| 005 | 20220329134000.0 | ||
| 008 | 971013s r 00010 d | ||
| 010 | _a13576 | ||
| 011 | _a14548 | ||
| 035 | _a18622 | ||
| 040 | _cCHAP | ||
| 090 | _aFolleto 4635 | ||
| 100 | 0 | 0 |
_aCastillo B. , Luis Manlio. _920085 |
| 245 | 0 | _aMejores maíces para la tierra fría de Guatemala | |
| 260 |
_aGuatemala : _bMinisterio de Agricultura, _c(s.a.) |
||
| 300 |
_a8 p. _b: ilus. |
||
| 590 |
_aBATCH-UPD _b10 _c20130110 _lUCH01 _h0305 |
||
| 590 |
_aBATCH-UPD _b10 _c20130110 _lUCH01 _h2035 |
||
| 590 |
_aBATCH-UPD _b10 _c20130409 _lUCH01 _h2337 |
||
| 590 |
_aBATCH-UPD _b10 _c20130914 _lUCH01 _h1748 |
||
| 590 |
_aCONVERSION _b10 _c20130109 _lUCH01 _h1309 |
||
| 650 | 1 | 4 |
_aMaíz _xGuatemala. _970970 |
| 650 | 1 | 4 |
_aMaíz _xVariedades. _971081 |
| 901 | _aBK | ||
| 942 | _cFOLL | ||
| 949 |
_aFolleto 4635 _bBC _cFOLL _d-43399 _eTS1 _i18622 _mD _si |
||
| 999 |
_c13576 _d13576 |
||